000 00564pam a2200205 a 4500
020 _a9780070677227
_c995.00
041 _aeng
_hNULL
082 _a612
_bBER/SCO
100 _aBERRETT, K .
245 _aGANONG`S REVIEW OF MEDICAL PHYSIOLOGY /
_cNULL.
_hTextual Documents
250 _a23 /
_b.
260 _aNULL :
_bTATA MCGRAW HILL ,
_c2010.
300 _a714 :
_bIX ;
_cA4 .
365 _a995.00
700 _aSCOTT, B .
_aBARMAN, S .
907 _a7758
_a7845
_a7846
_a7847
_a7857
930 _a3428
999 _c797962
_d797962
650 _aPHYSIOLOGY